Hollywood songsters : singers who act and actors who sing : a biographical dictionary

Αποθηκεύτηκε σε:
Λεπτομέρειες βιβλιογραφικής εγγραφής
Κύριος συγγραφέας: Parish, James Robert
Άλλοι συγγραφείς: Pitts, Michael R.
Μορφή: Βιβλίο
Γλώσσα:English
Δημοσίευση: New York : Routledge, 2003
Έκδοση:2nd ed.
Θέματα:
Ετικέτες: Προσθήκη ετικέτας
Δεν υπάρχουν, Καταχωρήστε ετικέτα πρώτοι!

MARC

LEADER 00000nam a2200000 i 4500
001 1/84758
008 050905s2003 eng d
020 |a 0-415-93775-2 ((set)) 
020 |a 0-415-94332-9 ((τ.1)) 
020 |a 0-415-94333-7 ((τ.2)) 
020 |a 0-415-94334-5 ((τ.3)) 
035 |l 10080100 
040 |a GR-MY-UA  |b gre  |e aacr 
041 0 |a eng 
082 0 |a 782.42164092273  |2 (22) 
100 1 |a Parish, James Robert. 
245 1 0 |a Hollywood songsters :  |b singers who act and actors who sing : a biographical dictionary /  |c James Robert Parish and Michael R. Pitts 
250 |a 2nd ed. 
260 |a New York :   |b Routledge,   |c 2003 
300 |a 3τ.;  |b εικ.;  |c 29 εκ. 
504 |a Περιέχει φιλμογραφίες, δισκογραφίες και ευρετήρια 
505 0 |a τ.1. Allyson to Funicello. - τ.2. Garland to O'Connor. - τ.3. Parton to West 
650 0 0 |a Singers  |z United States  |x Biography. 
650 0 0 |a Motion picture actors and actresses  |z United States  |x Biography. 
700 1 |a Pitts, Michael R. 
852 |a INST  |b LESVOS  |e 20050905  |h 782.42164092273 PAR  |p 005100031960  |q 005100031960  |t REF  |y 23  |z τ.1 
852 |a INST  |b LESVOS  |e 20050905  |h 782.42164092273 PAR  |p 005100031961  |q 005100031961  |t REF  |y 23  |z τ.2 
852 |a INST  |b LESVOS  |e 20051010  |h 782.42164092273 PAR  |p 005100032762  |q 005100032762  |t REF  |y 23  |z τ.3 
852 |a INST  |b LESVOS  |e 20050905  |h 782.42164092273 PAR  |p 005100031960  |q 005100031960  |t REF  |v τ.1:  |y 23  |z τ.1 
852 |a INST  |b LESVOS  |e 20050905  |h 782.42164092273 PAR  |p 005100031961  |q 005100031961  |t REF  |v τ.2:  |y 23  |z τ.2 
852 |a INST  |b LESVOS  |e 20051010  |h 782.42164092273 PAR  |p 005100032762  |q 005100032762  |t REF  |v τ.3:  |y 23  |z τ.3 
853 |a INST  |b LESVOS  |h 782.42164092273 PAR 
901 |a BIBL1-2005-2 
901 |a BIBL1-2005-3 
909 |a Λ  |b 116287 
909 |a Λ  |b 116288 
909 |a Λ  |b 113409 
920 |a ΔΙΕΥΡΥΝΣΗ  |b ΕΠΕΑΕΚ-ΠΤΕ  |y ΛΕΣΒΟΣ  |z 2004-10 
920 |a ΔΙΕΥΡΥΝΣΗ  |b ΕΠΕΑΕΚ-ΠΤΕ  |y ΛΕΣΒΟΣ  |z 2004-09 
970 |a ΚΑΡΑ  |b ΓΙΑΣΕΜΗ  |z 2005/09/05